LEADER 00895nam a2200217 i 4500 001 000000211155 003 CaOOAMICUS 005 20120222000000.0 008 120222s1851 xx u000 u mul u 013 $a189968 040 $aSeMil$bita 100 0 $aDemosthenes,$d<384-322 a.C.>.$0(OLS)http://semarc/name/593 245 10$aOrationes 20.-23. 300 $a208 p. 490 0 $aBibliotheca scriptorum graecorum et romanorum Teubneriana 773 0 $tDemosthenis Orationes.$bEditio secunda correctior.$dLipsiae : sumtibus ex typis B. G. Teubneri, 1850-1851.$gVol.2$w()26327 830 0$aBibliotheca scriptorum graecorum et romanorum Teubneriana.$0(OLS)http://semarc/title/35285 850 $aSeMil 852 $aSeMil$W1$xVenegono$y1$m1X II 134/1 FA$j161598$B161598$CSeMilBibl$Z2$F172881 $8I 961 $aOmaggio: Stoppani Pietro 996 $6245$aOrationes 20.-23$9(OLS)http://semarc/title/305074 LEADER 00649nam a2200181 i 4500 001 000000222035 003 CaOOAMICUS 005 20260128080139.0 008 130829s1846 it u000 u ita u 013 $a200932 040 $aSeMil$bita 245 10$aTomo 3. 300 $a544 p. 773 0 $aGioberti, Vincenzo <1801-1852>$tDel primato morale e civile degli italiani.$b1. ed. di Losanna fatta sulla 2. belga.$dLosanna : Bonamici e compagnia, 1846.$g3$w()28716 850 $aSeMil 852 $aSeMil$W1$xVenegono$y1$m2K III 36 FA$j172381$B172381$CSeMilBibl$Z2$F182808 $8I 996 $6245$aTomo 3$9(OLS)http://semarc/title/53129